| 000 | 00921cam a22002771 4500 | ||
|---|---|---|---|
| 001 | 16381 | ||
| 003 | BD-RjUL | ||
| 005 | 20211209000013.0 | ||
| 008 | 140213s1953 enka b 001 0 eng d | ||
| 035 | _a(BD-RjUL)16436 | ||
| 035 | _a(OCoLC)1383298 | ||
| 040 |
_aRochester. Univ. Libr. _cNPurU _dOCoLC _dUk _dDLC _dBD-RjUL _beng |
||
| 041 | _aeng | ||
| 082 |
_a792.015 _bPID 1953 |
||
| 100 | 2 |
_aPickard-Cambridge, Arthur _d1873-1952. _950640 |
|
| 245 | 1 | 4 |
_aThe dramatic festivals of Athens / _cArthur Pickard-Cambridge, |
| 260 |
_aOxford : _bClarendon Press, _cc1953. |
||
| 300 |
_axxi, 334 p. : _billus. ; _c25 cm. |
||
| 504 | _aBibliography: p. [320]-326. | ||
| 650 | 0 |
_aTheater _zGreece _zAthens _xHistory _yTo 500. _950641 |
|
| 650 | 0 |
_aGreek drama _xHistory and criticism. _950642 |
|
| 651 | 0 |
_aAthens (Greece) _xIntellectual life. _950643 |
|
| 942 |
_2ddc _cBK |
||
| 999 |
_c16381 _d16381 |
||